The accounting cycle : a practical guide to accounting basics
| Main Author: | |
|---|---|
| Other Authors: | |
| Format: | Book |
| Published: |
California :
Crisp Publication ,
1992
|
| Subjects: |
MARC
| LEADER | 00000cam a2200000 7i4500 | ||
|---|---|---|---|
| 001 | 0000001295 | ||
| 002 | 000001427 | ||
| 005 | 20000330.0 | ||
| 020 | |a 1560521465 | ||
| 090 | 0 | 0 | |a 657.04 |b JAC |
| 100 | 1 | |a Jacquet, Jay L | |
| 245 | 1 | 4 | |a The accounting cycle : |b a practical guide to accounting basics |c Jay L. Jacquet, William C. Miller |
| 260 | |a California : |b Crisp Publication , |c 1992 | ||
| 300 | |a 113p. ; |c 25cm. | ||
| 650 | 0 | 0 | |a Accounting |x Study and teaching |
| 700 | 1 | |a Miller, William C | |
| 999 | |a 032676 |b BUKU |c PINJAMAN |e PERPUSTAKAAN KOMUNITI PETALING JAYA | ||